000 00468nam a2200181Ia 4500
008 090711s9999 xx 000 0 und d
082 _b43612
100 _aओशो रजनीश
245 _aजिनसूत्र
260 _c1976
300 _a71
600 _aओशो रजनीश
630 _aजिनसूत्र
700 _aओशो
700 _aओशो रजनीश
730 _aजिनसूत्र
942 _cBOOK
999 _c285654
_d285654